Five Nights At Freddy's 1 Characters - Statistics

General Stats
  • This quiz has been taken 71 times
  • The average score is 7 of 9
Answer Stats
Hint Answer % Correct
Animatronic mascot Freddy Fazbear
100%
Animatronic guitarist Bonnie
96%
Animatronic Backup Singer Chica
96%
Resides in Pirate Cove Foxy
96%
Discontinued animatronic Golden Freddy
96%
Security guard Mike Schmidt
81%
Backup singer's companion Mr. Cupcake
72%
Helper Phone Guy
66%
Easter egg Endo-01
30%
No matching quizzes found
Score Distribution
Percent of People with Each Score
Percentile by Number Answered
Your Score History
You have not taken this quiz